|
|
|
|
| LEADER |
00000nab a2200000 a 4500 |
| 001 |
vtls010737961 |
| 003 |
SK-MaSNL |
| 005 |
20260304194751.0 |
| 008 |
250709s2010 xo |||||||||||||||||slo| |
| 035 |
|
|
|a (urnnbn)urn:nbn:sk:snk:ar-a05lot
|
| 035 |
|
|
|a (uuid)d766220d-74e3-4121-bcc5-d5f46707afc1
|
| 035 |
|
|
|a urn:nbn:sk:snk-ab3z0j
|
| 040 |
|
|
|a SNKBUCL
|b slo
|c SNKBUCL
|e AACR2
|
| 041 |
0 |
|
|a cze
|
| 044 |
|
|
|a xo
|c SK
|
| 100 |
1 |
|
|a Skačániová, Helena
|4 aut
|9 1251909
|
| 245 |
1 |
0 |
|a DOPORUČENÍ STRATEGIE LABORATORNÍ DIAGNOSTIKY BAKTERIÁLNÍCH INFEKCÍ
|c Helena Skačániová
|
| 773 |
0 |
|
|t Nozokomiálne nákazy : odborný časopis
|g Roč. 9, č. 3 (2010), s. 12
|
| 850 |
|
|
|a Slovenská národná knižnica
|
| 852 |
|
|
|a Slovenská národná knižnica
|
| 958 |
|
|
|a article1
|
| 958 |
|
|
|a OND
|
| 958 |
|
|
|a EUIPO
|
| 999 |
|
|
|c 3076621
|d 3078551
|